County map of the states of Georgia and Alabama

Saved in:
Bibliographic Details
Main Author: Mitchell, S. Augustus 1792-1868.
Corporate Authors: David Rumsey Collection., Cartography Associates.
Format: Electronic
Language:English
Published: [1880].
Series:David Rumsey Collection digital maps
Subjects:
Tags: Add Tag
No Tags, Be the first to tag this record!
LEADER 01646nea a2200385Ka 4500
001 012024918-9
005 20090630193809.0
008 060601t18801879pau a s 0 eng d
034 1 |a a  |b 1900000  |d W0883000  |e W0804500  |f N0350000  |g N0301500 
035 0 |a ocm69669460 
040 |a CUY  |c CUY 
052 |a 3920 
052 |a 3970 
100 1 |a Mitchell, S. Augustus  |q (Samuel Augustus),  |d 1792-1868. 
245 1 0 |a County map of the states of Georgia and Alabama  |h [electronic resource]. 
255 |a Scale [ca. 1:19,000,000]. 
260 |c [1880]. 
500 |a Shows settlements, railroads, rivers, etc. 
500 |a Inset maps: Savannah, Georgia -- City of Atlanta, the capitol of Georgia. 
500 |a "Entered according to Act of Congress in the year 1879 by S. Augustus Mitchell in the office of the Librarian of Congress at Washington." 
500 |a Prime meridians: Greenwich and Washington. 
500 |a Scanned raster image of original: 1 map : hand col. ; 33 x 51 cm. 
500 |a Original in the David Rumsey Collection; scanned by Cartography Associates. 
651 0 |a Georgia  |v Maps. 
651 0 |a Alabama  |v Maps. 
651 0 |a Savannah (Ga.)  |v Maps. 
651 0 |a Atlanta (Ga.)  |v Maps. 
740 0 2 |a Savannah, Georgia. 
740 0 2 |a City of Atlanta, the capitol of Georgia. 
710 2 |a David Rumsey Collection. 
710 2 |a Cartography Associates. 
773 0 |a Mitchell, S. Augustus (Samuel Augustus), 1792-1868.  |t Mitchell's new general atlas.  |d Philadelphia : S. Augustus Mitchell, 1880, c1879.  |g p. 54-55.  |w (OCoLC)69371482 
830 0 |a David Rumsey Collection digital maps  |5 net 
988 |a 20090630 
906 |0 OCLC